<?xml version="1.0" encoding="UTF-8"?>
<record
    xmlns:xsi="http://www.w3.org/2001/XMLSchema-instance"
    xsi:schemaLocation="http://www.loc.gov/MARC21/slim http://www.loc.gov/standards/marcxml/schema/MARC21slim.xsd"
    xmlns="http://www.loc.gov/MARC21/slim">

  <leader>01068nam a22002537a 4500</leader>
  <controlfield tag="003">OSt</controlfield>
  <controlfield tag="005">20151026133603.0</controlfield>
  <controlfield tag="008">130718b        xxu||||| |||| 00| 0 eng d</controlfield>
  <datafield tag="040" ind1=" " ind2=" ">
    <subfield code="c">CDMR</subfield>
  </datafield>
  <datafield tag="100" ind1="1" ind2=" ">
    <subfield code="9">3976</subfield>
    <subfield code="a">Piazzo, Virginia</subfield>
  </datafield>
  <datafield tag="245" ind1="1" ind2="0">
    <subfield code="a">Crisis en la web 2.0</subfield>
    <subfield code="b">: gesti&#xF3;n de la comunicaci&#xF3;n para preservar la imagen y la reputaci&#xF3;n organizacional online</subfield>
    <subfield code="c">Virginia Piazzo ; Joaquim Puig Gonz&#xE1;lez (director)</subfield>
    <subfield code="h">[recurs electr&#xF2;nic]</subfield>
  </datafield>
  <datafield tag="260" ind1=" " ind2=" ">
    <subfield code="a">Bellaterra</subfield>
    <subfield code="c">2012</subfield>
  </datafield>
  <datafield tag="502" ind1=" " ind2=" ">
    <subfield code="a">Tesi defensada el 25 de juliol de 2012,</subfield>
    <subfield code="c">Universitat Aut&#xF2;noma de Barcelona. Departament de Comunicaci&#xF3; Audiovisual i de Publicitat</subfield>
  </datafield>
  <datafield tag="650" ind1="0" ind2="4">
    <subfield code="9">3137</subfield>
    <subfield code="a">Web 2.0</subfield>
  </datafield>
  <datafield tag="650" ind1="0" ind2="4">
    <subfield code="9">2798</subfield>
    <subfield code="a">Comunicaci&#xF3; en l'empresa</subfield>
  </datafield>
  <datafield tag="650" ind1="0" ind2="4">
    <subfield code="9">3978</subfield>
    <subfield code="a">Reputaci&#xF3; en l&#xED;nia</subfield>
  </datafield>
  <datafield tag="650" ind1="0" ind2="4">
    <subfield code="9">3396</subfield>
    <subfield code="a">M&#xE0;rqueting</subfield>
  </datafield>
  <datafield tag="650" ind1="0" ind2="4">
    <subfield code="9">3128</subfield>
    <subfield code="a">Xarxes socials en l&#xED;nia</subfield>
  </datafield>
  <datafield tag="650" ind1="0" ind2="4">
    <subfield code="9">2994</subfield>
    <subfield code="a">Tesis i dissertacions acad&#xE8;miques</subfield>
  </datafield>
  <datafield tag="700" ind1="1" ind2=" ">
    <subfield code="9">3977</subfield>
    <subfield code="a">Puig Gonz&#xE1;lez, Joaquim</subfield>
  </datafield>
  <datafield tag="710" ind1="2" ind2=" ">
    <subfield code="9">3477</subfield>
    <subfield code="a">Universitat Aut&#xF2;noma de Barcelona</subfield>
  </datafield>
  <datafield tag="856" ind1="4" ind2="0">
    <subfield code="y">Disponible en l&#xED;nia (TDX)</subfield>
    <subfield code="u">http://hdl.handle.net/10803/96276</subfield>
  </datafield>
  <datafield tag="942" ind1=" " ind2=" ">
    <subfield code="2">udc</subfield>
    <subfield code="c">TSN-E</subfield>
  </datafield>
  <datafield tag="999" ind1=" " ind2=" ">
    <subfield code="c">6607</subfield>
    <subfield code="d">6607</subfield>
  </datafield>
  <datafield tag="952" ind1=" " ind2=" ">
    <subfield code="0">0</subfield>
    <subfield code="1">0</subfield>
    <subfield code="4">0</subfield>
    <subfield code="7">0</subfield>
    <subfield code="a">CDMR</subfield>
    <subfield code="b">CDMR</subfield>
    <subfield code="d">2013-10-17</subfield>
    <subfield code="l">0</subfield>
    <subfield code="o">T</subfield>
    <subfield code="p">CDMR13108549</subfield>
    <subfield code="r">2013-10-17</subfield>
    <subfield code="w">2013-10-17</subfield>
    <subfield code="y">TSN-E</subfield>
  </datafield>
</record>
